000 00368 a2200109 4500
001 ART_30582
005 20260410161851.0
008 260409a
245 1 0 _aLa necesidad de reforma del Código Penal
100 1 _aFigueroa, Francisco
773 0 _tDerecho Penal
_gAnteproyecto de Código Penal de la Nación - Año III, Nº 8 (oct. 2014)
_wREV10351
999 _c25052
_d25052